| 000 | 00518nam a22001817a 4500 | ||
|---|---|---|---|
| 999 |
_c1798 _d1798 |
||
| 003 | AR-CdUCM | ||
| 008 | 190228b ||||| |||| 00| 0 spa d | ||
| 040 |
_aMUNICIPALIDAD PROVINCIAL DEL CUSCO _cBIBLIOTECA MUNICIPAL DEL CUSCO |
||
| 082 |
_a869.813 / _bZ87 |
||
| 100 |
_aZorrilla de San Martín, Juan _96613 |
||
| 245 | _aTabaré / | ||
| 260 |
_aArgentina : _bKapelusz ; _c1962. |
||
| 300 |
_a321 páginas _c14cm |
||
| 505 | _aEpopeya | ||
| 650 |
_aEpopeya _96614 |
||
| 942 |
_2ddc _cLIBROS |
||
| 945 |
_anom _d2019-02-28 |
||